header

Deployment guide for IBM tivoli storage manager version 5.3 (Record no. 211139)

MARC details
000 -LEADER
fixed length control field 01306nam a2200349Ia 4500
100 1# - MAIN ENTRY--AUTHOR NAME
Personal name Ceylan, Sanver.
245 10 - TITLE STATEMENT
Title Deployment guide for IBM tivoli storage manager version 5.3
260 ## - PUBLICATION, DISTRIBUTION, ETC. (IMPRINT)
Place of publication San Jose, CA :
Name of publisher IBM,
Year of publication c2005.
300 ## - PHYSICAL DESCRIPTION
Number of Pages xii, 186 p. :
Other physical details ill.
490 1# - SERIES STATEMENT
Series statement IBM redbooks
500 ## - GENERAL NOTE
General note "October 2005."
General note Includes index.
650 #0 - SUBJECT ADDED ENTRY--TOPICAL TERM
Topical Term Electronic data processing
Topical Term Data recovery (Computer science)
700 1# - ADDED ENTRY--PERSONAL NAME
Personal name Gusler, Carl.
Personal name Hari, Krishnaprasath.
Personal name Jeyaraman, Rajkumar.
856 40 - ELECTRONIC LOCATION AND ACCESS
Uniform Resource Identifier http://site.ebrary.com/lib/rucke/Doc?id=10112659

No items available.

© 2026 Rongo University
Contact us: librarian | system librarian | Rongo university